Options for dealing with squatting (Record no. 112884)
[ view plain ]
| 000 -LEADER | |
|---|---|
| fixed length control field | 01089cad a22002055a 4500 |
| 001 - CONTROL NUMBER | |
| control field | L154207 |
| 008 - FIXED-LENGTH DATA ELEMENTS--GENERAL INFORMATION | |
| fixed length control field | 111101s2011 xxk f 000 0 eng d |
| 035 ## - SYSTEM CONTROL NUMBER | |
| System control number | (Sirsi) u154207 |
| 041 0# - LANGUAGE CODE | |
| Language code of text/sound track or separate title | eng |
| 110 2# - MAIN ENTRY--CORPORATE NAME | |
| Corporate name or jurisdiction name as entry element | United Kingdom |
| Subordinate unit | Ministry of Justice |
| 9 (RLIN) | 5477 |
| 245 00 - TITLE STATEMENT | |
| Title | Options for dealing with squatting |
| Remainder of title | response to consultation |
| Medium | [electronic resource] |
| 260 ## - PUBLICATION, DISTRIBUTION, ETC. | |
| Place of publication, distribution, etc. | London |
| Name of publisher, distributor, etc. | MoJ |
| Date of publication, distribution, etc. | 2011 |
| 520 ## - SUMMARY, ETC. | |
| Summary, etc. | Summary of responses to consultation on Options for dealing with squatters (L153359) 2011 which closed on 5 October 2011. The Government is planning to criminalise squatting in residential buildings through an amendment to the Legal Aid and Sentencing and Punishment of Offenders Bill 2011. To view progress of Bill see http://services.parliament.uk/bills/ |
| 590 ## - LOCAL NOTE (RLIN) | |
| Local note | KA NTK |
| 650 24 - SUBJECT ADDED ENTRY--TOPICAL TERM | |
| Topical term or geographic name entry element | LEGAL AID AND SENTENCING AND PUNISHMENT OF OFFENDERS BILL 2011 |
| 651 #4 - SUBJECT ADDED ENTRY--GEOGRAPHIC NAME | |
| Geographic name | ENGLAND AND WALES |
| 690 ## - LOCAL SUBJECT ADDED ENTRY--TOPICAL TERM (OCLC, RLIN) | |
| Topical term or geographic name as entry element | PROPERTY |
| 856 40 - ELECTRONIC LOCATION AND ACCESS | |
| Uniform Resource Identifier | <a href="https://www.justice.gov.uk/downloads/consultations/options-dealing-squatting-response.pdf">https://www.justice.gov.uk/downloads/consultations/options-dealing-squatting-response.pdf</a> |
| Public note | View the item free of charge at www.www.justice.gov.uk |
| 942 ## - ADDED ENTRY ELEMENTS (KOHA) | |
| Suppress in OPAC | 0 |
| Withdrawn status | Lost status | Source of classification or shelving scheme | Damaged status | Not for loan | Home library | Current library | Shelving location | Date acquired | Total Checkouts | Full call number | Barcode | Date last seen | Copy number | Price effective from | Koha item type |
|---|---|---|---|---|---|---|---|---|---|---|---|---|---|---|---|
| Dewey Decimal Classification | Virtual | Virtual | Online | 01/11/2011 | ONLINE PUBLICATION | 154207-2001 | 06/08/2019 | 1 | 06/08/2019 | Book |